[Event "GER OS-331 email"]
[Site "GER email"]
[Date "2017.10.22"]
[Round "?"]
[White "Knauer, Hans Joachim"]
[Black "Hruschka, Walter"]
[Result "0-1"]
[WhiteElo "1296"]
[BlackElo "1779"]
[PlyCount "32"]
[EventDate "2017.11.05"]
[EventType "tourn (corr)"]
[EventRounds "6"]
[EventCountry "GER"]
[SourceTitle "Corr 2020"]
[Source "ChessBase"]
[SourceDate "2019.09.30"]
[SourceVersion "1"]
[SourceVersionDate "2019.09.30"]
[SourceQuality "1"]

1. e4 e5 2. Nf3 Nf6 3. d3 Nc6 4. Nc3 d5 5. exd5 Nxd5 6. Bg5 Nxc3 7. bxc3 Be7 8. d4 Bxg5 9. h4 Bf6 10. Bc4 0-0 11. 0-0 exd4 12. cxd4 Nxd4 13. Nxd4 Bxd4 14. Rb1 Qxh4 15. Re1 Qxf2+ 16. Kh2 Qh4# 0-1

[Event "GER OS-310 email"]
[Site "GER email"]
[Date "2017.01.09"]
[Round "?"]
[White "Knauer, Hans Joachim"]
[Black "Schulz, Peter"]
[Result "0-1"]
[WhiteElo "1368"]
[BlackElo "1237"]
[PlyCount "30"]
[EventDate "2017.01.13"]
[EventType "tourn (corr)"]
[EventRounds "6"]
[EventCountry "GER"]
[SourceTitle "Corr 2020"]
[Source "ChessBase"]
[SourceDate "2019.09.30"]
[SourceVersion "1"]
[SourceVersionDate "2019.09.30"]
[SourceQuality "1"]

1. e4 e5 2. Nf3 d6 3. Bb5+ c6 4. Ba4 Bg4 5. d3 Be7 6. 0-0 Nf6 7. h3 Bh5 8. g4 Bg6 9. Nc3 h6 10. g5 hxg5 11. d4 Nxe4 12. Nxe4 Bxe4 13. Nd2 Qd7 14. Nxe4 Qxh3 15. Nxg5 Qh1# 0-1

[Event "GER OS-298 email"]
[Site "GER email"]
[Date "2016.07.11"]
[Round "?"]
[White "Buchmann, Hans Peter"]
[Black "Knauer, Hans Joachim"]
[Result "1-0"]
[WhiteElo "1595"]
[BlackElo "1408"]
[PlyCount "47"]
[EventDate "2016.07.18"]
[EventType "tourn (corr)"]
[EventRounds "6"]
[EventCountry "GER"]
[SourceTitle "Corr 2020"]
[Source "ChessBase"]
[SourceDate "2019.09.30"]
[SourceVersion "1"]
[SourceVersionDate "2019.09.30"]
[SourceQuality "1"]

1. d4 d6 2. e4 Nf6 3. Bd3 Nc6 4. c3 Bg4 5. Ne2 Qd7 6. Be3 0-0-0 7. f3 Be6 8. c4 Nb4 9. d5 Nxd3+ 10. Qxd3 Nxd5 11. cxd5 Qa4 12. dxe6 fxe6 13. Nd4 e5 14. Ne6 Re8 15. Na3 g5 16. Nb5 a6 17. Nbxc7 Bh6 18. 0-0 Kd7 19. Nc5+ Kxc7 20. Nxa4 b5 21. Rac1+ Kd7 22. Nc5+ Kc6 23. Qd5+ Kb6 24. Nb3# 1-0

[Event "GER OS-298 email"]
[Site "GER email"]
[Date "2016.07.11"]
[Round "?"]
[White "Knauer, Hans Joachim"]
[Black "Ganzer, Michael"]
[Result "0-1"]
[WhiteElo "1408"]
[BlackElo "1673"]
[PlyCount "60"]
[EventDate "2016.07.18"]
[EventType "tourn (corr)"]
[EventRounds "6"]
[EventCountry "GER"]
[SourceTitle "Corr 2020"]
[Source "ChessBase"]
[SourceDate "2019.09.30"]
[SourceVersion "1"]
[SourceVersionDate "2019.09.30"]
[SourceQuality "1"]

1. d4 b6 2. Nf3 Nf6 3. e3 c5 4. dxc5 bxc5 5. Nc3 Bb7 6. Bc4 e6 7. b3 d5 8. Bb5+ Nbd7 9. e4 d4 10. Ne2 Qa5+ 11. Nc3 Bxe4 12. Ng5 Qxc3+ 13. Bd2 Qxc2 14. Qe2 Bxg2 15. Rg1 Bd5 16. Nh3 Qb2 17. Rc1 Qxa2 18. Qd1 Bxb3 19. Qf3 Rb8 20. Bd3 c4 21. Be2 d3 22. Bxd3 Ne5 23. Qg3 Nxd3+ 24. Ke2 Nxc1+ 25. Rxc1 Rb6 26. Ke3 Bc5+ 27. Kf3 c3 28. Bxc3 Bd5+ 29. Kf4 Qc4+ 30. Kg5 h6# 0-1

[Event "GER OS-283 email"]
[Site "GER email"]
[Date "2015.12.28"]
[Round "?"]
[White "Knauer, Hans Joachim"]
[Black "Fischer, Alexander"]
[Result "0-1"]
[WhiteElo "1408"]
[BlackElo "1645"]
[PlyCount "70"]
[EventDate "2016.01.04"]
[EventType "tourn (corr)"]
[EventRounds "6"]
[EventCountry "GER"]
[SourceTitle "Corr 2020"]
[Source "ChessBase"]
[SourceDate "2019.09.30"]
[SourceVersion "1"]
[SourceVersionDate "2019.09.30"]
[SourceQuality "1"]

1. g3 d5 2. Bg2 c5 3. Nf3 Nc6 4. 0-0 e5 5. Nc3 Be6 6. d3 a6 7. b3 Bd6 8. Ba3 b5 9. Ng5 Qxg5 10. h4 Qd8 11. e3 Nf6 12. f3 b4 13. Bb2 bxc3 14. Bxc3 Qb6 15. g4 d4 16. exd4 cxd4 17. Bd2 Rc8 18. b4 Nxb4 19. c3 dxc3+ 20. Be3 Qxe3+ 21. Kh1 c2 22. Qc1 Qxc1 23. Raxc1 Nxd3 24. g5 Nh5 25. f4 Ng3+ 26. Kg1 Ne2+ 27. Kh2 Ndxc1 28. a4 exf4 29. Bf3 0-0 30. h5 Bc4 31. Rf2 Rfe8 32. a5 Nb3 33. Kh3 c1Q 34. Bxe2 Qh1+ 35. Kg4 Be6# 0-1

[Event "GER OS-269 email"]
[Site "GER email"]
[Date "2015.06.18"]
[Round "?"]
[White "Fuss, Heinrich"]
[Black "Knauer, Hans Joachim"]
[Result "1-0"]
[WhiteElo "1776"]
[BlackElo "1477"]
[PlyCount "45"]
[EventDate "2015.06.30"]
[EventType "tourn (corr)"]
[EventRounds "6"]
[EventCountry "GER"]
[SourceTitle "Corr 2020"]
[Source "ChessBase"]
[SourceDate "2019.09.30"]
[SourceVersion "1"]
[SourceVersionDate "2019.09.30"]
[SourceQuality "1"]

1. d4 d5 2. c4 c6 3. Nf3 Nd7 4. cxd5 cxd5 5. Nc3 a6 6. Nxd5 e6 7. Nc3 Ndf6 8. e4 Bd6 9. e5 Be7 10. exf6 Bxf6 11. Bd3 Ne7 12. Ne4 Bxd4 13. Nxd4 Qxd4 14. Bb5+ axb5 15. Qxd4 Nf5 16. Nd6+ Nxd6 17. Qxg7 Rf8 18. Bh6 Kd7 19. 0-0-0 Kc6 20. Rxd6+ Kxd6 21. Rd1+ Kc5 22. Qd4+ Kc6 23. Qd6# 1-0

[Event "GER OS-269 email"]
[Site "GER email"]
[Date "2015.06.18"]
[Round "?"]
[White "Knauer, Hans Joachim"]
[Black "Niederdorf, Walter"]
[Result "0-1"]
[WhiteElo "1477"]
[BlackElo "1375"]
[PlyCount "36"]
[EventDate "2015.06.30"]
[EventType "tourn (corr)"]
[EventRounds "6"]
[EventCountry "GER"]
[SourceTitle "Corr 2020"]
[Source "ChessBase"]
[SourceDate "2019.09.30"]
[SourceVersion "1"]
[SourceVersionDate "2019.09.30"]
[SourceQuality "1"]

1. e4 e5 2. Nf3 Nf6 3. Bd3 Nc6 4. 0-0 Bc5 5. Nc3 0-0 6. b3 a6 7. Bc4 d5 8. exd5 Nd4 9. Nxe5 Re8 10. Nd3 Bg4 11. f3 Nxf3+ 12. Kh1 Nxh2 13. Kxh2 Bxd1 14. Nxd1 Bd6+ 15. g3 Ne4 16. Kg2 Qg5 17. Ne3 Qxg3+ 18. Kh1 Qh2# 0-1

[Event "GER OS-253 email"]
[Site "GER email"]
[Date "2014.11.03"]
[Round "?"]
[White "Fuss, Heinrich"]
[Black "Knauer, Hans Joachim"]
[Result "1-0"]
[WhiteElo "1618"]
[BlackElo "1629"]
[PlyCount "37"]
[EventDate "2014.11.10"]
[EventType "tourn (corr)"]
[EventRounds "6"]
[EventCountry "GER"]
[SourceTitle "Corr 2020"]
[Source "ChessBase"]
[SourceDate "2019.09.30"]
[SourceVersion "1"]
[SourceVersionDate "2019.09.30"]
[SourceQuality "1"]

1. Nf3 d5 2. d4 Nf6 3. c4 Nc6 4. cxd5 Nxd5 5. e4 Nf6 6. Nc3 e6 7. a3 Bd6 8. e5 Nxe5 9. dxe5 Ng4 10. Qa4+ Bd7 11. Qxg4 Bc5 12. Qxg7 Ke7 13. Bg5+ Ke8 14. Qxh8+ Bf8 15. Bxd8 Rxd8 16. 0-0-0 Ke7 17. Qf6+ Ke8 18. Ng5 Be7 19. Qxf7# 1-0